| 000 | 00944nam a2200265Ia 4500 | ||
|---|---|---|---|
| 001 | 21854 | ||
| 005 | 20260320113318.0 | ||
| 008 | 260320s9999||||xx |||||||||||||| ||und|| | ||
| 020 | _a9788425218866 | ||
| 041 | _aINGE | ||
| 082 |
_a628.1682 _bI493 |
||
| 100 |
_aIzembart, Hélène, _eAUT |
||
| 245 | 0 |
_aWaterscapes : _bel tratamiento de aguas residuales mediante sistemas vegetales |
|
| 246 |
_a _5 _b |
||
| 250 | _aPrimera edición, tercera tirada | ||
| 260 |
_aBarcelona : _bGustavo Gili, _c2008 |
||
| 300 |
_a192 páginas : _bilustraciones, fotografías ; _c21 cm. _e |
||
| 440 |
_a(Land & scape series) _n _v |
||
| 650 | _aTCA | ||
| 653 | _aTratamiento de aguas residuales; Purificación de agua; Estanques de sedimentación | ||
| 654 | _aCIC | ||
| 700 |
_aLe Boudec, Bertrand, _cAUT |
||
| 856 |
_uhttps://research-ebsco-com.ucsp.lookproxy.com/c/qxo6us/search _zVéase además: Base de datos EBSCOhost |
||
| 942 |
_cLIB _dJUS _fMAT _2ddc _n |
||
| 999 |
_c21854 _d21854 |
||